|
|
|
|
| LEADER |
00000nam a2200000 4500 |
| 001 |
vtls012145718 |
| 003 |
SK-MaSNL |
| 005 |
20260301151439.0 |
| 007 |
co bg auuua |
| 008 |
220809s2020 xo fqnp 000 0 slo |
| 015 |
|
|
|a SNBS2022
|
| 020 |
|
|
|a 9788081528866
|q (elektronická kniha)
|
| 040 |
|
|
|a SNK
|b slo
|c SNK
|e rda
|
| 041 |
0 |
|
|a slo
|
| 044 |
|
|
|a xo
|c SK
|
| 072 |
|
7 |
|2 konspekt
|
| 080 |
|
|
|2 2011
|
| 100 |
1 |
|
|a Berek, Peter,
|d 1967-
|4 aut
|9 212090
|
| 245 |
1 |
0 |
|a Chirurgická liečba cerebrovaskulárnej insuficiencie
|c Peter Berek
|
| 250 |
|
|
|a Prvé vydanie
|
| 264 |
|
1 |
|a Košice
|b Vydavateľstvo ŠafárikPress
|c 2020
|
| 300 |
|
|
|a 1 CD-ROM
|c 12 cm
|
| 336 |
|
|
|a text
|b txt
|2 rdacontent
|
| 337 |
|
|
|a počítač
|b c
|2 rdamedia
|
| 338 |
|
|
|a počítačový disk
|b cd
|2 rdacarrier
|
| 347 |
|
|
|a textový súbor
|b PDF
|2 rda
|
| 504 |
|
|
|a Obsahuje bibliografiu na strane 107-117
|
| 655 |
|
7 |
|a CD-ROM
|2 SNKPH
|9 70236
|
| 710 |
2 |
|
|a Univerzita Pavla Jozefa Šafárika v Košiciach.
|b Lekárska fakulta
|4 pbl
|9 118212
|
| 856 |
4 |
1 |
|u www.unibook.upjs.sk
|
| 919 |
|
|
|a 978-80-8152-886-6
|
| 999 |
|
|
|c 786613
|d 788543
|
| 952 |
|
|
|a SNK
|b SNK
|y NEVYP
|7 1
|p 17A1492796
|o snkSCDM 12433
|i snk2022/12280
|8 0
|0 0
|1 0
|4 0
|d 2022-08-09
|l 0
|r 2026-02-24 01:23:06
|w 2026-02-24
|